Statistics for can you name the legend of zelda weapons and items across the games

Click here to take the quiz!

General Stats

  • This quiz has been taken 487 times
  • The average score is 17 of 24

Answer Stats

HintAnswer% Correct
BOOMbomb
99%
the ultimate weaponmaster sword
97%
when thrown comes right backboomerang
95%
play music through it and is also very iconicocarina
95%
holds liquidsbottle
94%
used to shoot pellets and suchsling shot
86%
carries bombsbomb bag
82%
the corresponding shield to the abovehylian shield
82%
a very powerful arrowlight arrow
81%
used to fishfishing rod
78%
used to reflect light and as a shieldmirror shield
78%
can bring you to higher places where possiblehook shot
76%
metal boots that make a loud stomp soundiron boots
76%
a shield that is very easy to breakwooden shield
73%
used to catch bugsbug net
64%
used to digshovel
64%
a very heavy strong weapon in twilight princess that you get in the ice templeball and chain
51%
boots that make you run fasterpegasus boots
51%
found in twilight princess, link can grind walls with thisspinner
51%
can have many effectspotion
47%
source of lightlantern
44%
a glove that helps you carry heavy objectspower glove
39%
the new instrument in skyward swordgoddess harp
37%
used to retrieve items in skyward sword by flyinghook beetle
13%

Score Distribution

Percentile by Number Answered

Percent of People with Each Score

Your Score History

You have not taken this quiz